The British industrial revolution in global perspective /
| 主要作者: | |
|---|---|
| 格式: | 圖書 |
| 語言: | English |
| 出版: |
Cambridge ; New York :
Cambridge University Press,
2009.
|
| 叢編: | New approaches to economic and social history.
|
| 主題: | |
| 在線閱讀: | Contributor biographical information Publisher description Table of contents only |
| Classic Catalogue: | View this record in Classic Catalogue |
| LEADER | 01960nam a2200445 a 4500 | ||
|---|---|---|---|
| 001 | 29853 | ||
| 003 | BD-DhAAL | ||
| 005 | 20151009020003.0 | ||
| 008 | 150908r20142009enka b 001 0 eng | ||
| 010 | |a 2009455156 | ||
| 015 | |a GBA915140 |2 bnb | ||
| 016 | 7 | |a 014903730 |2 Uk | |
| 020 | |a 9780521868273 (hard) | ||
| 020 | |a 0521868270 (hard) | ||
| 020 | |a 9780521687850 (pbk.) | ||
| 020 | |a 0521687853 (pbk.) | ||
| 035 | |a (OCoLC)ocn297147056 | ||
| 040 | |a UKM |c UKM |d BTCTA |d YDXCP |d BWKUK |d BWK |d OCLCQ |d CUT |d IAY |d DLC |d BD-DhAAL | ||
| 042 | |a ukblcatcopy |a lccopycat | ||
| 043 | |a e-uk--- | ||
| 050 | 0 | 0 | |a HC254.5 |b .A663 2009 |
| 082 | 0 | 0 | |a 330.941073 |2 22 |
| 100 | 1 | |a Allen, Robert C., |d 1947- |9 14458 | |
| 245 | 1 | 4 | |a The British industrial revolution in global perspective / |c Robert C. Allen. |
| 260 | |a Cambridge ; |a New York : |b Cambridge University Press, |c 2009. | ||
| 300 | |a xi, 331 p. : |b ill. ; |c 23 cm. | ||
| 490 | 1 | |a New approaches to economic and social history | |
| 504 | |a Includes bibliographical references (p. [276]-312) and index. | ||
| 541 | |e 29853 | ||
| 650 | 0 | |a Industrial revolution |z Great Britain. |9 14459 | |
| 650 | 0 | |a Economic history |y 1750-1918. |9 11922 | |
| 651 | 0 | |a Great Britain |x Economic conditions |y 18th century. |9 14460 | |
| 651 | 0 | |a Great Britain |x Social conditions |y 18th century. |9 14418 | |
| 830 | 0 | |a New approaches to economic and social history. |9 14461 | |
| 856 | 4 | 2 | |3 Contributor biographical information |u http://www.loc.gov/catdir/enhancements/fy1004/2009455156-b.html |
| 856 | 4 | 2 | |3 Publisher description |u http://www.loc.gov/catdir/enhancements/fy1004/2009455156-d.html |
| 856 | 4 | 1 | |3 Table of contents only |u http://www.loc.gov/catdir/enhancements/fy1004/2009455156-t.html |
| 942 | |2 ddc |c BK |0 1 | ||
| 999 | |c 35466 |d 35466 | ||
| 952 | |0 0 |1 0 |2 ddc |4 0 |6 330_941073000000000_ALL |7 0 |9 55777 |a BRACUL |b BRACUL |c GEN |d 2015-09-08 |e Riza Enterprise |g 2398.00 |l 1 |m 22 |o 330.941073 ALL |p 3010029853 |r 2016-05-02 |s 2015-10-08 |t 1 |w 2015-09-08 |y BK | ||